000
00318nam a2200121Ia 4500
008
210430s9999 xx 000 0 und d
082
_a
070 V855 M
100
_a
Johan Vivian
245
4
_a
The Media Of Mass Communication
_c
Johan Vivian
260
_a
ISLAMABAD
_b
JOHN VIVIAN
_c
2008
300
_a
516P
942
_c
BK
_2
ddc
999
_c
563324
_d
563324